[Event "DVM U14w 2017"]
[Site "Neumünster GER"]
[Date "2017.12.28"]
[Round "4"]
[White "Basovskiy, Jana"]
[Black "Garbuz, Nicole"]
[Result "1-0"]
[Termination "normal"]
[Board "3.1"]
[WhiteElo "1788"]
[BlackElo "1641"]
[WhiteClock "00:29:17"]
[BlackClock "00:06:06"]
[WhiteTeam "SF Sasbach"]
[BlackTeam "SF Brackel"]
[PlyCount "119"]
[WhiteFideId "16208617"]
[BlackFideId "12990701"]
[EventCountry "GER"]
[EventRounds "7"]
[EventType "team-swiss"]
[EventDate "2017.12.26"]

1. e4 {[%clk 1:30:58]} e5 {[%clk 1:30:56]} 2. Nf3 {[%clk 1:31:24]} Nc6 {[%clk
1:31:22]} 3. Bc4 {[%clk 1:31:51]} Bc5 {[%clk 1:31:47]} 4. c3 {[%clk 1:32:15]}
Nf6 {[%clk 1:32:11]} 5. d3 {[%clk 1:32:03]} O-O {[%clk 1:31:57]} 6. Nbd2 {[%clk
1:31:50]} d5 {[%clk 1:16:32]} 7. Bb3 {[%clk 1:25:55]} dxe4 {[%clk 1:08:16]} 8.
dxe4 {[%clk 1:26:05]} Qe7 {[%clk 1:05:38]} 9. O-O {[%clk 1:24:43]} Bg4 {[%clk
1:03:25]} 10. h3 {[%clk 1:22:18]} Bh5 {[%clk 1:01:49]} 11. Qe2 {[%clk 1:20:00]}
h6 {[%clk 0:53:18]} 12. Rd1 {[%clk 1:18:29]} Rad8 {[%clk 0:52:38]} 13. Nf1
{[%clk 1:16:00]} Rxd1 {[%clk 0:48:17]} 14. Bxd1 {[%clk 1:16:17]} Rd8 {[%clk
0:47:34]} 15. Ng3 {[%clk 1:15:39]} Bg6 {[%clk 0:46:47]} 16. Bc2 {[%clk
1:11:27]} a6 {[%clk 0:42:32]} 17. Nh4 {[%clk 1:07:22]} Bh7 {[%clk 0:35:35]} 18.
Nhf5 {[%clk 1:06:56]} Qf8 {[%clk 0:32:19]} 19. Qf3 {[%clk 1:06:13]} Bxf5 {[%clk
0:28:03]} 20. Nxf5 {[%clk 1:06:29]} Be7 {[%clk 0:25:40]} 21. Be3 {[%clk
0:57:01]} Nh7 {[%clk 0:17:26]} 22. Qg3 {[%clk 0:55:55]} Kh8 {[%clk 0:15:40]}
23. Nxe7 {[%clk 0:53:12]} Qxe7 {[%clk 0:14:50]} 24. Re1 {[%clk 0:52:52]} g5
{[%clk 0:12:05]} 25. Qg4 {[%clk 0:47:14]} Nf6 {[%clk 0:10:47]} 26. Qf5 {[%clk
0:46:39]} Kg7 {[%clk 0:08:10]} 27. Bc1 {[%clk 0:42:39]} Qe6 {[%clk 0:07:46]}
28. Qxe6 {[%clk 0:37:19]} fxe6 {[%clk 0:08:10]} 29. Bb3 {[%clk 0:37:45]} Kf7
{[%clk 0:08:08]} 30. h4 {[%clk 0:36:49]} Rg8 {[%clk 0:07:45]} 31. hxg5 {[%clk
0:37:05]} hxg5 {[%clk 0:08:09]} 32. Rd1 {[%clk 0:35:19]} Na5 {[%clk 0:07:12]}
33. Bc2 {[%clk 0:34:39]} Nc4 {[%clk 0:06:41]} 34. b3 {[%clk 0:33:14]} Nd6
{[%clk 0:06:20]} 35. c4 {[%clk 0:28:42]} Ke8 {[%clk 0:04:45]} 36. Bb2 {[%clk
0:25:33]} Nf7 {[%clk 0:03:29]} 37. b4 {[%clk 0:24:03]} c6 {[%clk 0:03:00]} 38.
a4 {[%clk 0:22:43]} b5 {[%clk 0:02:26]} 39. axb5 {[%clk 0:22:21]} axb5 40. cxb5
{[%clk 0:21:59]} cxb5 {[%clk 0:02:59]} 41. Ra1 {[%clk 0:20:44]} Ke7 {[%clk
0:26:53]} 42. Ra7+ {[%clk 0:51:17]} Nd7 {[%clk 0:26:24]} 43. Bd3 {[%clk
0:51:00]} Rb8 {[%clk 0:26:06]} 44. Kf1 {[%clk 0:50:20]} Kd6 {[%clk 0:23:43]}
45. Be2 {[%clk 0:47:33]} Nd8 {[%clk 0:19:54]} 46. Ra5 {[%clk 0:45:41]} Nc6
{[%clk 0:13:48]} 47. Rxb5 {[%clk 0:44:28]} Rxb5 {[%clk 0:12:33]} 48. Bxb5
{[%clk 0:44:48]} Nd4 {[%clk 0:09:48]} 49. Ba4 {[%clk 0:39:57]} Nb6 {[%clk
0:09:04]} 50. Bd1 {[%clk 0:40:05]} Ke7 {[%clk 0:06:49]} 51. g3 {[%clk 0:36:31]}
Nc4 {[%clk 0:06:07]} 52. Bc1 {[%clk 0:36:46]} Kf6 {[%clk 0:06:26]} 53. Kg2
{[%clk 0:36:08]} Nd6 {[%clk 0:06:20]} 54. Bf3 {[%clk 0:33:09]} Nc2 {[%clk
0:06:05]} 55. Bd2 {[%clk 0:32:19]} Nc4 {[%clk 0:05:52]} 56. Bc3 {[%clk
0:32:39]} Nd6 {[%clk 0:05:50]} 57. Kh3 {[%clk 0:32:12]} Nb5 {[%clk 0:06:00]}
58. Bd2 {[%clk 0:31:50]} Nbd4 {[%clk 0:05:54]} 59. Kg4 {[%clk 0:29:46]} Kg6
{[%clk 0:06:06]} 60. Bd1 {[%clk 0:29:17]} 1-0

[Event "DVM U14w 2017"]
[Site "Neumünster GER"]
[Date "2017.12.28"]
[Round "4"]
[White "Wastian, Mareike"]
[Black "Schneider, Katharina"]
[Result "1/2-1/2"]
[Termination "normal"]
[Board "3.2"]
[WhiteElo "1660"]
[BlackElo "1638"]
[WhiteClock "00:22:26"]
[BlackClock "00:40:42"]
[WhiteTeam "SF Brackel"]
[BlackTeam "SF Sasbach"]
[PlyCount "88"]
[WhiteFideId "12947423"]
[BlackFideId "16200519"]
[EventCountry "GER"]
[EventRounds "7"]
[EventType "team-swiss"]
[EventDate "2017.12.26"]

1. e4 {[%clk 1:30:57]} e5 {[%clk 1:30:54]} 2. Nf3 {[%clk 1:31:20]} Nc6 {[%clk
1:31:18]} 3. Bb5 {[%clk 1:31:45]} a6 {[%clk 1:31:42]} 4. Bxc6 {[%clk 1:32:10]}
dxc6 {[%clk 1:32:05]} 5. Nc3 {[%clk 1:32:35]} f6 {[%clk 1:32:29]} 6. d4 {[%clk
1:32:59]} exd4 {[%clk 1:32:50]} 7. Qxd4 {[%clk 1:33:06]} Qxd4 {[%clk 1:33:04]}
8. Nxd4 {[%clk 1:33:26]} Bd7 {[%clk 1:33:27]} 9. Be3 {[%clk 1:33:03]} O-O-O
{[%clk 1:33:50]} 10. O-O-O {[%clk 1:32:12]} Bb4 {[%clk 1:29:12]} 11. Nde2
{[%clk 1:30:39]} Ne7 {[%clk 1:26:52]} 12. a3 {[%clk 1:24:01]} Bd6 {[%clk
1:26:29]} 13. f3 {[%clk 1:11:30]} Ng6 {[%clk 1:21:22]} 14. Bf2 {[%clk 1:06:58]}
Ne5 {[%clk 1:09:37]} 15. Na4 {[%clk 1:00:41]} Be6 {[%clk 0:56:36]} 16. Nc5
{[%clk 0:50:57]} Bf7 {[%clk 0:56:08]} 17. Nd3 {[%clk 0:45:26]} Bc4 {[%clk
0:48:34]} 18. Nxe5 {[%clk 0:33:27]} Bxe5 {[%clk 0:46:31]} 19. Ng3 {[%clk
0:32:11]} g6 {[%clk 0:45:11]} 20. Be3 {[%clk 0:30:17]} Bxg3 {[%clk 0:42:53]}
21. hxg3 {[%clk 0:30:14]} h5 {[%clk 0:42:17]} 22. Bd4 {[%clk 0:25:22]} Rhf8
{[%clk 0:39:47]} 23. Bc3 {[%clk 0:24:23]} Rxd1+ {[%clk 0:33:58]} 24. Rxd1
{[%clk 0:23:16]} f5 {[%clk 0:34:01]} 25. b3 {[%clk 0:18:19]} Be6 {[%clk
0:33:02]} 26. exf5 {[%clk 0:16:06]} Bxf5 {[%clk 0:32:36]} 27. Be5 {[%clk
0:14:48]} Rd8 {[%clk 0:28:09]} 28. Rxd8+ {[%clk 0:11:43]} Kxd8 {[%clk 0:27:59]}
29. b4 {[%clk 0:11:21]} b6 {[%clk 0:24:47]} 30. Kd2 {[%clk 0:10:23]} Kd7 {[%clk
0:24:30]} 31. c4 {[%clk 0:09:30]} c5 {[%clk 0:24:25]} 32. bxc5 {[%clk 0:08:37]}
bxc5 {[%clk 0:24:47]} 33. a4 {[%clk 0:06:52]} c6 {[%clk 0:24:44]} 34. a5 {[%clk
0:07:01]} Be6 {[%clk 0:19:01]} 35. Kd3 {[%clk 0:06:41]} Bf5+ {[%clk 0:15:06]}
36. Kc3 {[%clk 0:06:18]} Ke6 {[%clk 0:14:00]} 37. Bf4 {[%clk 0:05:36]} Kd7
{[%clk 0:13:36]} 38. Bh6 {[%clk 0:05:26]} Ke7 {[%clk 0:13:30]} 39. Bg5+ {[%clk
0:04:00]} Kd7 {[%clk 0:12:38]} 40. Bf4 {[%clk 0:02:29]} Ke6 {[%clk 0:11:25]}
41. Be3 {[%clk 0:00:45]} Kd6 {[%clk 0:11:21]} 42. Bf4+ {[%clk 0:27:46]} Ke6
{[%clk 0:41:43]} 43. Bc7 {[%clk 0:25:36]} Kd7 {[%clk 0:41:02]} 44. Bb8 {[%clk
0:22:26]} Ke7 {[%clk 0:40:42]} 1/2-1/2

[Event "DVM U14w 2017"]
[Site "Neumünster GER"]
[Date "2017.12.28"]
[Round "4"]
[White "Schneider, Anna"]
[Black "Bünte, Kirsten"]
[Result "1/2-1/2"]
[Termination "normal"]
[Board "3.3"]
[WhiteElo "1374"]
[BlackElo "1433"]
[WhiteClock "01:00:20"]
[BlackClock "00:03:14"]
[WhiteTeam "SF Sasbach"]
[BlackTeam "SF Brackel"]
[PlyCount "126"]
[WhiteFideId "16200527"]
[BlackFideId "16200535"]
[EventCountry "GER"]
[EventRounds "7"]
[EventType "team-swiss"]
[EventDate "2017.12.26"]

1. e4 {[%clk 1:30:58]} c6 {[%clk 1:30:22]} 2. c4 {[%clk 1:31:21]} d5 {[%clk
1:27:20]} 3. exd5 {[%clk 1:31:30]} cxd5 {[%clk 1:24:25]} 4. cxd5 {[%clk
1:31:24]} Qxd5 {[%clk 1:19:56]} 5. Nc3 {[%clk 1:30:40]} Qd8 {[%clk 1:19:30]} 6.
Nf3 {[%clk 1:30:37]} Nc6 {[%clk 1:12:53]} 7. d4 {[%clk 1:29:58]} Nf6 {[%clk
1:07:36]} 8. Bb5 {[%clk 1:28:05]} Bd7 {[%clk 1:06:27]} 9. O-O {[%clk 1:27:33]}
a6 {[%clk 1:02:52]} 10. Bc4 {[%clk 1:26:53]} e6 {[%clk 0:53:54]} 11. Bf4 {[%clk
1:25:57]} Be7 {[%clk 0:52:50]} 12. Re1 {[%clk 1:25:56]} O-O {[%clk 0:50:49]}
13. Bb3 {[%clk 1:22:02]} Na5 {[%clk 0:44:43]} 14. Bc2 {[%clk 1:21:57]} Nc4
{[%clk 0:41:18]} 15. b3 {[%clk 1:20:12]} Nb6 {[%clk 0:40:49]} 16. Qd3 {[%clk
1:17:36]} g6 {[%clk 0:29:42]} 17. Bh6 {[%clk 1:15:19]} Re8 {[%clk 0:30:00]} 18.
Ne5 {[%clk 1:13:25]} Bf8 {[%clk 0:25:00]} 19. Bg5 {[%clk 1:12:02]} Be7 {[%clk
0:19:07]} 20. Qf3 {[%clk 1:10:36]} Rc8 {[%clk 0:13:33]} 21. Rac1 {[%clk
1:02:22]} Bc6 {[%clk 0:11:55]} 22. Nxc6 {[%clk 0:56:23]} Rxc6 {[%clk 0:10:23]}
23. Ne2 {[%clk 0:52:35]} Nbd5 {[%clk 0:08:33]} 24. Bb1 {[%clk 0:49:56]} Qd7
{[%clk 0:06:52]} 25. Nf4 {[%clk 0:44:41]} Rec8 {[%clk 0:06:33]} 26. Rxc6 {[%clk
0:43:17]} Rxc6 {[%clk 0:06:52]} 27. Nxd5 {[%clk 0:42:55]} Nxd5 {[%clk 0:07:04]}
28. Bh6 {[%clk 0:41:40]} Bf6 {[%clk 0:06:23]} 29. Qg4 {[%clk 0:37:41]} Qc7
{[%clk 0:05:02]} 30. Be4 {[%clk 0:36:24]} Qd7 {[%clk 0:04:42]} 31. Qf3 {[%clk
0:34:42]} Bg7 {[%clk 0:04:11]} 32. Bxd5 {[%clk 0:34:39]} exd5 {[%clk 0:03:45]}
33. Qxd5 {[%clk 0:33:33]} Rd6 {[%clk 0:03:41]} 34. Qxd6 {[%clk 0:33:32]} Qxd6
{[%clk 0:03:23]} 35. Re8+ {[%clk 0:33:55]} Bf8 {[%clk 0:03:17]} 36. Rxf8+
{[%clk 0:34:18]} Qxf8 {[%clk 0:03:43]} 37. Bxf8 {[%clk 0:34:39]} Kxf8 {[%clk
0:04:10]} 38. Kf1 {[%clk 0:35:02]} Ke7 {[%clk 0:04:31]} 39. Ke2 {[%clk
0:35:26]} Ke6 {[%clk 0:04:50]} 40. Kd3 {[%clk 0:35:28]} Kd5 {[%clk 0:05:12]}
41. a3 {[%clk 0:35:32]} f5 {[%clk 0:28:13]} 42. f4 {[%clk 1:04:42]} h6 {[%clk
0:16:28]} 43. a4 {[%clk 1:04:21]} b6 {[%clk 0:11:26]} 44. g3 {[%clk 1:03:44]}
h5 {[%clk 0:10:08]} 45. h3 {[%clk 1:03:46]} b5 {[%clk 0:09:04]} 46. axb5 {[%clk
1:03:50]} axb5 {[%clk 0:09:29]} 47. Kc3 {[%clk 1:02:57]} h4 {[%clk 0:06:44]}
48. gxh4 {[%clk 1:02:48]} Ke4 {[%clk 0:07:03]} 49. Kb4 {[%clk 1:02:56]} Kxd4
{[%clk 0:07:16]} 50. Kxb5 {[%clk 1:03:19]} Ke4 {[%clk 0:07:23]} 51. Ka5 {[%clk
1:03:28]} Kxf4 {[%clk 0:07:45]} 52. b4 {[%clk 1:03:53]} Ke3 {[%clk 0:07:49]}
53. b5 {[%clk 1:04:20]} f4 {[%clk 0:08:06]} 54. b6 {[%clk 1:04:46]} f3 {[%clk
0:08:30]} 55. b7 {[%clk 1:04:59]} f2 {[%clk 0:08:55]} 56. b8=Q {[%clk 1:05:22]}
f1=Q {[%clk 0:09:16]} 57. Qb6+ {[%clk 1:05:04]} Kf3 {[%clk 0:07:52]} 58. Qxg6
{[%clk 1:03:25]} Qa1+ {[%clk 0:04:15]} 59. Kb5 {[%clk 1:03:22]} Qb2+ {[%clk
0:04:28]} 60. Kc4 {[%clk 1:02:45]} Qa2+ {[%clk 0:03:44]} 61. Kd4 {[%clk
1:02:05]} Qa4+ {[%clk 0:03:54]} 62. Ke5 {[%clk 1:01:57]} Qxh4 {[%clk 0:03:08]}
63. Qd3+ {[%clk 1:00:20]} Kg2 {[%clk 0:03:14]} 1/2-1/2

[Event "DVM U14w 2017"]
[Site "Neumünster GER"]
[Date "2017.12.28"]
[Round "4"]
[White "Elier, Basmalah"]
[Black "Eisele, Lea Carolin"]
[Result "1/2-1/2"]
[Termination "normal"]
[Board "3.4"]
[WhiteElo "959"]
[BlackElo "751"]
[WhiteClock "01:19:16"]
[BlackClock "01:11:56"]
[WhiteTeam "SF Brackel"]
[BlackTeam "SF Sasbach"]
[PlyCount "56"]
[WhiteFideId "16223004"]
[BlackFideId "16255780"]
[EventCountry "GER"]
[EventRounds "7"]
[EventType "team-swiss"]
[EventDate "2017.12.26"]

1. e4 {[%clk 1:30:58]} e5 {[%clk 1:30:51]} 2. Nf3 {[%clk 1:31:23]} Nc6 {[%clk
1:31:12]} 3. Bc4 {[%clk 1:31:19]} Bc5 {[%clk 1:31:34]} 4. c3 {[%clk 1:31:26]}
Nf6 {[%clk 1:31:42]} 5. d3 {[%clk 1:31:35]} d6 {[%clk 1:31:52]} 6. Bb3 {[%clk
1:31:28]} O-O {[%clk 1:27:07]} 7. h3 {[%clk 1:31:04]} h6 {[%clk 1:27:16]} 8.
O-O {[%clk 1:31:03]} d5 {[%clk 1:25:40]} 9. exd5 {[%clk 1:30:58]} Nxd5 {[%clk
1:25:55]} 10. d4 {[%clk 1:30:15]} exd4 {[%clk 1:25:58]} 11. cxd4 {[%clk
1:30:31]} Bb6 {[%clk 1:25:14]} 12. Bc2 {[%clk 1:30:10]} Nf6 {[%clk 1:24:12]}
13. Qd3 {[%clk 1:28:37]} Nb4 {[%clk 1:24:16]} 14. Qc3 {[%clk 1:27:29]} Nxc2
{[%clk 1:23:22]} 15. Qxc2 {[%clk 1:27:24]} Be6 {[%clk 1:19:57]} 16. Qd3 {[%clk
1:26:45]} c5 {[%clk 1:18:54]} 17. Nh4 {[%clk 1:26:17]} c4 {[%clk 1:18:50]} 18.
Qg3 {[%clk 1:25:27]} Bc7 {[%clk 1:17:37]} 19. Bf4 {[%clk 1:24:24]} Ne4 {[%clk
1:17:11]} 20. Qf3 {[%clk 1:23:19]} Qxh4 {[%clk 1:16:43]} 21. Bxc7 {[%clk
1:22:48]} Rfc8 {[%clk 1:13:39]} 22. Bg3 {[%clk 1:22:28]} Nxg3 {[%clk 1:13:09]}
23. fxg3 {[%clk 1:22:43]} Qxd4+ {[%clk 1:13:19]} 24. Rf2 {[%clk 1:22:03]} Bd5
{[%clk 1:12:34]} 25. Qf5 {[%clk 1:20:52]} c3 {[%clk 1:12:22]} 26. Nxc3 {[%clk
1:20:44]} Be6 {[%clk 1:12:28]} 27. Qf3 {[%clk 1:19:14]} Rab8 {[%clk 1:12:25]}
28. Rd1 {[%clk 1:19:16]} Qb6 {[%clk 1:11:56]} 1/2-1/2

[Event "DVM U14w 2017"]
[Site "Neumünster GER"]
[Date "2017.12.28"]
[Round "4"]
[White "Meijerink, Inken"]
[Black "Wagner, Victoria"]
[Result "1/2-1/2"]
[Termination "normal"]
[Board "4.1"]
[WhiteElo "1638"]
[BlackElo "1560"]
[WhiteClock "00:21:14"]
[BlackClock "00:38:50"]
[WhiteTeam "SK Nordhorn-Blanke"]
[BlackTeam "Erfurter SK"]
[PlyCount "43"]
[WhiteFideId "16225465"]
[BlackFideId "16232348"]
[EventCountry "GER"]
[EventRounds "7"]
[EventType "team-swiss"]
[EventDate "2017.12.26"]

1. e4 {[%clk 1:30:58]} c5 {[%clk 1:30:55]} 2. Nf3 {[%clk 1:31:22]} d6 {[%clk
1:31:20]} 3. d4 {[%clk 1:31:46]} cxd4 {[%clk 1:31:44]} 4. Nxd4 {[%clk 1:32:08]}
Nf6 {[%clk 1:32:05]} 5. Nc3 {[%clk 1:32:27]} a6 {[%clk 1:32:28]} 6. Be2 {[%clk
1:32:44]} e5 {[%clk 1:32:42]} 7. Nb3 {[%clk 1:33:04]} Be6 {[%clk 1:32:50]} 8.
Bg5 {[%clk 1:29:52]} Be7 {[%clk 1:32:44]} 9. O-O {[%clk 1:26:57]} O-O {[%clk
1:31:54]} 10. f4 {[%clk 1:23:11]} exf4 {[%clk 1:09:34]} 11. Bxf4 {[%clk
1:18:56]} Nc6 {[%clk 1:07:09]} 12. Kh1 {[%clk 1:14:47]} Rc8 {[%clk 1:05:59]}
13. Nd4 {[%clk 1:10:45]} Nxd4 {[%clk 1:01:35]} 14. Qxd4 {[%clk 1:10:53]} Ng4
{[%clk 0:59:16]} 15. h3 {[%clk 1:01:07]} Ne5 {[%clk 0:57:39]} 16. Rad1 {[%clk
0:51:26]} Nc6 {[%clk 0:55:01]} 17. Qd2 {[%clk 0:49:54]} Ne5 {[%clk 0:52:15]}
18. Qd4 {[%clk 0:38:35]} Nc6 {[%clk 0:52:10]} 19. Qf2 {[%clk 0:33:27]} Qc7
{[%clk 0:46:03]} 20. Qg3 {[%clk 0:27:47]} Ne5 {[%clk 0:39:31]} 21. Bh6 {[%clk
0:25:55]} Ng6 {[%clk 0:38:50]} 22. Bc1 {[%clk 0:21:14]} 1/2-1/2

[Event "DVM U14w 2017"]
[Site "Neumünster GER"]
[Date "2017.12.28"]
[Round "4"]
[White "Günther, Amelie"]
[Black "Reichelt, Lena"]
[Result "1/2-1/2"]
[Termination "normal"]
[Board "4.2"]
[WhiteElo "1467"]
[BlackElo "1495"]
[WhiteClock "00:47:15"]
[BlackClock "00:15:22"]
[WhiteTeam "Erfurter SK"]
[BlackTeam "SK Nordhorn-Blanke"]
[PlyCount "51"]
[WhiteFideId "12995630"]
[BlackFideId "12981184"]
[EventCountry "GER"]
[EventRounds "7"]
[EventType "team-swiss"]
[EventDate "2017.12.26"]

1. d4 {[%clk 1:30:59]} e6 {[%clk 1:30:53]} 2. Nf3 {[%clk 1:31:22]} Nf6 {[%clk
1:31:10]} 3. e3 {[%clk 1:31:44]} b6 {[%clk 1:31:14]} 4. Bd3 {[%clk 1:31:39]}
Bb7 {[%clk 1:31:19]} 5. O-O {[%clk 1:31:20]} Ne4 {[%clk 1:30:08]} 6. Nbd2
{[%clk 1:30:26]} f5 {[%clk 1:29:43]} 7. Ne5 {[%clk 1:30:20]} d6 {[%clk
1:29:40]} 8. Qh5+ {[%clk 1:29:44]} g6 {[%clk 1:22:59]} 9. Nxg6 {[%clk 1:29:51]}
Nf6 {[%clk 1:22:40]} 10. Qh3 {[%clk 1:26:53]} Rg8 {[%clk 1:21:15]} 11. Nh4
{[%clk 1:24:20]} Nbd7 {[%clk 1:17:57]} 12. Re1 {[%clk 1:21:08]} Qe7 {[%clk
1:02:22]} 13. e4 {[%clk 1:20:25]} fxe4 {[%clk 0:57:12]} 14. Nxe4 {[%clk
1:19:33]} O-O-O {[%clk 0:52:14]} 15. Nxf6 {[%clk 1:18:28]} Qxf6 {[%clk
0:51:33]} 16. Qxe6 {[%clk 1:17:47]} Qg7 {[%clk 0:49:41]} 17. Be4 {[%clk
1:16:05]} Bxe4 {[%clk 0:45:21]} 18. Qxe4 {[%clk 1:16:04]} Kb8 {[%clk 0:44:31]}
19. Bd2 {[%clk 1:12:04]} Nf6 {[%clk 0:43:13]} 20. Qe3 {[%clk 1:10:44]} d5
{[%clk 0:35:40]} 21. Qg3 {[%clk 1:09:48]} Qh8 {[%clk 0:33:04]} 22. Qh3 {[%clk
1:08:31]} Bd6 {[%clk 0:26:56]} 23. Nf5 {[%clk 1:08:01]} Ne4 {[%clk 0:25:34]}
24. Nxd6 {[%clk 1:05:15]} Rxd6 25. Bf4 {[%clk 1:03:39]} Rdg6 {[%clk 0:15:22]}
26. Be5 {[%clk 0:47:15]} 1/2-1/2

[Event "DVM U14w 2017"]
[Site "Neumünster GER"]
[Date "2017.12.28"]
[Round "4"]
[White "Wolterink, Jule"]
[Black "Wagner, Margarethe"]
[Result "1-0"]
[Termination "normal"]
[Board "4.3"]
[WhiteElo "1299"]
[BlackElo "1490"]
[WhiteClock "00:51:54"]
[BlackClock "00:09:32"]
[WhiteTeam "SK Nordhorn-Blanke"]
[BlackTeam "Erfurter SK"]
[PlyCount "57"]
[WhiteFideId "12981206"]
[BlackFideId "16236947"]
[EventCountry "GER"]
[EventRounds "7"]
[EventType "team-swiss"]
[EventDate "2017.12.26"]

1. d4 {[%clk 1:30:57]} Nf6 {[%clk 1:30:50]} 2. Bf4 {[%clk 1:31:15]} e6 {[%clk
1:30:36]} 3. e3 {[%clk 1:31:26]} b6 {[%clk 1:29:03]} 4. Nf3 {[%clk 1:31:17]}
Bb7 {[%clk 1:28:13]} 5. Bd3 {[%clk 1:31:03]} Be7 {[%clk 1:26:46]} 6. Nbd2
{[%clk 1:30:55]} O-O {[%clk 1:25:08]} 7. c3 {[%clk 1:31:07]} d6 {[%clk
1:22:14]} 8. Qc2 {[%clk 1:26:57]} h6 {[%clk 1:20:49]} 9. h3 {[%clk 1:26:47]}
Nbd7 {[%clk 1:15:19]} 10. g4 {[%clk 1:23:11]} e5 {[%clk 1:03:42]} 11. g5 {[%clk
1:20:44]} exf4 {[%clk 0:59:58]} 12. gxf6 {[%clk 1:19:59]} Bxf6 {[%clk 0:58:38]}
13. O-O-O fxe3 {[%clk 0:55:45]} 14. fxe3 {[%clk 1:20:20]} Qe7 {[%clk 0:50:44]}
15. e4 {[%clk 1:17:30]} c5 {[%clk 0:48:19]} 16. dxc5 {[%clk 1:15:22]} Nxc5
{[%clk 0:46:10]} 17. Rhg1 {[%clk 1:11:49]} Nxd3+ {[%clk 0:43:29]} 18. Qxd3
{[%clk 1:11:20]} Qe6 {[%clk 0:42:36]} 19. Nd4 {[%clk 1:04:21]} Qxa2 {[%clk
0:36:23]} 20. Nf5 {[%clk 1:04:28]} Kh8 {[%clk 0:34:29]} 21. Qe3 {[%clk
0:57:36]} h5 {[%clk 0:24:08]} 22. Nxg7 {[%clk 0:54:10]} Qa1+ {[%clk 0:13:41]}
23. Nb1 {[%clk 0:53:31]} Bxg7 {[%clk 0:10:22]} 24. Qg5 {[%clk 0:53:00]} Qxb1+
{[%clk 0:09:29]} 25. Kxb1 {[%clk 0:53:13]} Bxe4+ {[%clk 0:09:51]} 26. Ka1
{[%clk 0:52:27]} Bg6 {[%clk 0:09:28]} 27. Rxd6 {[%clk 0:51:48]} Rg8 {[%clk
0:09:11]} 28. Rxg6 {[%clk 0:51:29]} fxg6 {[%clk 0:09:32]} 29. Qxg6 {[%clk
0:51:54]} 1-0

[Event "DVM U14w 2017"]
[Site "Neumünster GER"]
[Date "2017.12.28"]
[Round "4"]
[White "Westerhoff, Emily"]
[Black "Hallfarth, Luise"]
[Result "0-1"]
[Termination "normal"]
[Board "4.4"]
[WhiteElo "879"]
[BlackElo "1429"]
[WhiteClock "01:06:19"]
[BlackClock "01:14:44"]
[WhiteTeam "Erfurter SK"]
[BlackTeam "SK Nordhorn-Blanke"]
[PlyCount "74"]
[WhiteFideId "16255798"]
[BlackFideId "16250222"]
[EventCountry "GER"]
[EventRounds "7"]
[EventType "team-swiss"]
[EventDate "2017.12.26"]

1. c4 {[%clk 1:30:58]} c5 {[%clk 1:30:53]} 2. Nc3 {[%clk 1:31:24]} Nf6 {[%clk
1:31:06]} 3. g3 {[%clk 1:31:18]} d5 {[%clk 1:31:26]} 4. cxd5 {[%clk 1:31:38]}
Nxd5 {[%clk 1:31:46]} 5. Bg2 {[%clk 1:31:59]} Nc7 {[%clk 1:32:05]} 6. Nf3
{[%clk 1:32:08]} Nc6 {[%clk 1:32:22]} 7. O-O {[%clk 1:32:21]} e5 {[%clk
1:32:33]} 8. e3 {[%clk 1:32:14]} Be6 {[%clk 1:32:12]} 9. d3 {[%clk 1:31:07]}
Be7 {[%clk 1:32:11]} 10. a3 {[%clk 1:30:32]} O-O {[%clk 1:32:12]} 11. b3 {[%clk
1:28:12]} Qd7 {[%clk 1:31:41]} 12. Re1 {[%clk 1:26:06]} Bh3 {[%clk 1:29:07]}
13. Bh1 {[%clk 1:22:22]} Rad8 {[%clk 1:28:46]} 14. Bb2 {[%clk 1:17:02]} f5
{[%clk 1:27:06]} 15. Na2 {[%clk 1:14:50]} Qe6 {[%clk 1:26:34]} 16. Qc2 {[%clk
1:12:36]} e4 {[%clk 1:25:17]} 17. dxe4 {[%clk 1:11:50]} fxe4 {[%clk 1:22:09]}
18. Nd2 {[%clk 1:11:49]} Bg4 {[%clk 1:17:44]} 19. Qxe4 {[%clk 1:08:52]} Rxd2
{[%clk 1:16:34]} 20. Qxe6+ Nxe6 {[%clk 1:16:49]} 21. Bc3 {[%clk 1:08:17]} Rdxf2
{[%clk 1:16:59]} 22. b4 {[%clk 1:08:02]} cxb4 {[%clk 1:16:52]} 23. Nxb4 {[%clk
1:07:47]} Nxb4 {[%clk 1:17:04]} 24. axb4 {[%clk 1:07:52]} Rc2 {[%clk 1:16:59]}
25. Be5 {[%clk 1:07:19]} Bf3 {[%clk 1:16:57]} 26. Bxf3 {[%clk 1:06:29]} Rxf3
{[%clk 1:17:17]} 27. Rxa7 {[%clk 1:06:46]} Bxb4 {[%clk 1:17:16]} 28. Rb1 {[%clk
1:06:40]} Rxe3 {[%clk 1:16:18]} 29. Rxb7 {[%clk 1:06:20]} Bc5 {[%clk 1:14:28]}
30. Kf1 {[%clk 1:06:09]} Rxe5 {[%clk 1:14:38]} 31. Rd7 {[%clk 1:05:27]} Rf2+
{[%clk 1:14:39]} 32. Kg1 {[%clk 1:05:06]} Rd2+ {[%clk 1:14:47]} 33. Kf1 {[%clk
1:05:21]} Rxd7 {[%clk 1:15:08]} 34. Kg2 {[%clk 1:05:29]} Ng5 {[%clk 1:15:06]}
35. h4 {[%clk 1:05:44]} Re2+ {[%clk 1:14:45]} 36. Kf1 {[%clk 1:06:02]} Rf2+
{[%clk 1:14:38]} 37. Ke1 {[%clk 1:06:19]} Nf3# {[%clk 1:14:44]} 0-1

[Event "DVM U14w 2017"]
[Site "Neumünster GER"]
[Date "2017.12.28"]
[Round "4"]
[White "Eulitz, Charlotte"]
[Black "Doll, Rebecca"]
[Result "1/2-1/2"]
[Termination "normal"]
[Board "5.1"]
[WhiteElo "1544"]
[BlackElo "1496"]
[WhiteTeam "SC Borussia 1920 Friedrichsfelde"]
[BlackTeam "Karlsruher SF"]
[PlyCount "61"]
[WhiteFideId "12964654"]
[BlackFideId "16236890"]
[EventCountry "GER"]
[EventRounds "7"]
[EventType "team-swiss"]
[EventDate "2017.12.26"]

1. d4 d5 2. Nf3 Nf6 3. e3 e6 4. Bd3 Nbd7 5. c3 Bd6 6. Nbd2 O-O 7. O-O e5 8. e4
dxe4 9. Nxe4 Nxe4 10. Bxe4 exd4 11. Qxd4 Bc5 12. Qd3 Nf6 13. Bg5 Qxd3 14. Bxd3
Nd5 15. Be4 Nb6 16. b3 Re8 17. Rfe1 h6 18. Bf4 c6 19. Bh7+ Kf8 20. Rxe8+ Kxe8
21. Re1+ Kf8 22. c4 Bg4 23. Nd2 Re8 24. Rxe8+ Kxe8 25. h3 Be2 26. Bf5 g6 27.
Bc2 g5 28. Bg3 Ke7 29. Ne4 Nd7 30. Bh2 Bh5 31. Ng3 1/2-1/2